00816nam a2200253 a 450000100060000000300090000600800410001502000180005604000280007404100080010224501100011025000110022026000370023130000110026849000150027950000220029465000270031665000250034365000390036865000230040765000370043065000320046770000630049925612CO-ViMGA141112s2004 ck r 000 u spa d a9789589920695 aCO-ViMGAbspacCO-ViMGA aSPA10aCien poemas colombianos / cselección y prólogo de Juan Felipe Robledo y Catalina González Restrepo a2a ed. aBogotá : bLuna Libros, c2013 a204 p. aCreación aIncluye prólogo14aANTOLOGÍA POÉTICA 14aAUTORES COLOMBIANOS 14aLITERATURA COLOMBIANA - ANTOLOGIAS14aPOESIA COLOMBIANA 14aPOESIA COLOMBIANA - COLECCIONES 14aPOESIA INDIGENA COLOMBIANA 1 aRobledo, Juan Felipe, 1968 - González Restrepo, Catalina